[Event "Scarborough CC Spring Swiss"]
[Site "Toronto CAN"]
[Date "2007.05.03"]
[Round "8"]
[White "Samaroo, Muneshwar"]
[Black "Philip, Andrew"]
[Result "0-1"]
[WhiteElo "1513"]
[BlackElo "1642"]
[PlyCount "104"]
[GameId "2160767910709956"]
[EventDate "2007.03.15"]
[EventType "swiss"]
[EventRounds "8"]
[EventCountry "CAN"]
[SourceTitle "EXT 2022"]
[Source "ChessBase"]
[SourceDate "2021.10.06"]
[SourceVersion "1"]
[SourceVersionDate "2021.10.06"]
[SourceQuality "1"]

1. e4 Nc6 2. Nf3 d6 3. Bc4 Nf6 4. d3 e6 5. c3 Be7 6. O-O O-O 7. h3 h6 8. b4 a6 9. Re1 d5 10. exd5 exd5 11. Bb3 d4 12. a3 Re8 13. Bb2 dxc3 14. Nxc3 Nd4 15. Ba2 Bf5 16. Ne4 Ne6 17. Rc1 c6 18. Nxf6+ Bxf6 19. d4 Qb6 20. Ne5 Bxe5 21. dxe5 Rad8 22. Qh5 Bg6 23. Qg4 a5 24. Red1 axb4 25. Rxd8 Qxd8 26. Rd1 Qe7 27. axb4 h5 28. Qc4 Qg5 29. h4 Qf4 30. Qxf4 Nxf4 31. g3 Nd3 32. Bc3 Nxe5 33. Bxe5 Rxe5 34. Rd8+ Kh7 35. Rd7 Re1+ 36. Kh2 Be4 37. g4 Rh1+ 38. Kg3 Rg1+ 39. Kf4 Rxg4+ 40. Ke3 Rxh4 41. Rxf7 Bg2 42. f3 Rxb4 43. Be6 h4 44. Rf5 Kh6 45. Bf7 g6 46. Rf6 h3 47. Rxg6+ Kh7 48. Rxg2 hxg2 49. Kf2 Rb2+ 50. Kg1 c5 51. f4 Kg7 52. Bd5 b6 0-1

[Event "Scarborough CC Spring Swiss"]
[Site "Toronto CAN"]
[Date "2007.05.03"]
[Round "8"]
[White "Yuan, Yuanling"]
[Black "Garel, Rick"]
[Result "1-0"]
[Annotator "Armstrong,Robert"]
[WhiteElo "1894"]
[BlackElo "1968"]
[PlyCount "110"]
[GameId "2160767910709958"]
[EventDate "2007.03.15"]
[EventType "swiss"]
[EventRounds "8"]
[EventCountry "CAN"]

1. e4 c6 2. d4 d5 3. e5 Bf5 4. Be3 e6 5. Nd2 Bb4 6. Ngf3 Nd7 7. Be2 h6 8. O-O Ne7 9. c3 Ba5 10. Nh4 Bh7 11. f4 Qc7 12. Nb3 Bb6 13. a4 a6 14. Bg4 O-O-O 15. Nc1 Nf5 16. Nxf5 Bxf5 17. Be2 c5 18. Nd3 c4 19. Ne1 Kb8 20. b4 a5 21. bxa5 Bxa5 22. Bd2 Qb6 23. Qc1 f6 24. Nc2 Bxc2 25. Qxc2 f5 26. Rab1 Qc7 27. Rb5 Ka7 28. Rfb1 b6 29. Bc1 Nb8 30. Ba3 Nc6 31. Qb2 Rd7 32. Bd6 Qb7 33. Bc5 Rb8 34. Qa3 Qa6 35. Bd6 Rbb7 36. Bh5 Rd8 37. Bc5 Rdb8 38. Bd6 Rd8 39. Qc1 Rbd7 40. Qe3 Rb7 41. Qg3 Rdd7 42. Be8 Nd8 43. Bxd7 Rxd7 44. Bf8 Qc8 45. Bxg7 h5 46. Bf8 Nb7 47. Bb4 Qe8 48. Bxa5 bxa5 49. Qe3 Rg7 50. Qc1 Qg6 51. Qb2 Ka8 52. Rxb7 Qxg2+ 53. Qxg2 Rxb7 54. Qg8+ Ka7 55. Rxb7+ Kxb7 1-0

[Event "Scarborough CC ch"]
[Site "Toronto CAN"]
[Date "2007.01.04"]
[Round "1"]
[White "Deiseach, Donald"]
[Black "Gillis, Doug"]
[Result "1-0"]
[WhiteElo "2014"]
[BlackElo "1506"]
[PlyCount "79"]
[GameId "2160767910739483"]
[EventDate "2007.01.04"]
[EventType "tourn"]
[EventRounds "9"]
[EventCountry "CAN"]
[SourceTitle "EXT 2022"]
[Source "ChessBase"]
[SourceDate "2021.10.06"]
[SourceVersion "1"]
[SourceVersionDate "2021.10.06"]
[SourceQuality "1"]

1. e4 e6 2. d4 d5 3. Nc3 dxe4 4. Nxe4 Qd5 5. Bd3 Nf6 6. Nxf6+ gxf6 7. Nf3 Rg8 8. Qe2 Nc6 9. c4 Qh5 10. Bd2 Bd7 11. a3 Bd6 12. g3 O-O-O 13. O-O-O Kb8 14. h3 f5 15. Kb1 f6 16. Bc3 Qf7 17. Rhe1 Rde8 18. Qc2 Qh5 19. Be2 Qf7 20. Qb3 Nd8 21. c5 Bf8 22. Bc4 Qh5 23. Re3 Bh6 24. Red3 Rgf8 25. Ba5 Bc6 26. d5 exd5 27. Bxd5 Bxd5 28. Qxd5 Nc6 29. Bc3 Qxh3 30. Bxf6 Qg4 31. Ne5 Qe4 32. Nd7+ Kc8 33. Nxf8 Rxf8 34. Qd7+ Kb8 35. Ka1 a6 36. f3 Qe2 37. Bh4 Ne5 38. Qe7 Qc2 39. Qxe5 Bc1 40. Qc3 1-0

[Event "Scarborough CC ch"]
[Site "Toronto CAN"]
[Date "2007.01.04"]
[Round "1"]
[White "Douglas, Richard"]
[Black "Paterson, Jim"]
[Result "0-1"]
[WhiteElo "1813"]
[BlackElo "1923"]
[PlyCount "82"]
[GameId "2160767910739484"]
[EventDate "2007.01.04"]
[EventType "tourn"]
[EventRounds "9"]
[EventCountry "CAN"]
[SourceTitle "EXT 2022"]
[Source "ChessBase"]
[SourceDate "2021.10.06"]
[SourceVersion "1"]
[SourceVersionDate "2021.10.06"]
[SourceQuality "1"]

1. e4 e6 2. d4 b6 3. Nc3 Bb7 4. Nf3 Bb4 5. Bd3 Nf6 6. Bg5 h6 7. Bxf6 Qxf6 8. O-O Nc6 9. e5 Qe7 10. Ne4 d5 11. Ng3 Qd7 12. c3 Be7 13. Nh5 g6 14. Nf4 O-O-O 15. Ne2 g5 16. a4 a6 17. b4 a5 18. b5 Na7 19. Nd2 f5 20. exf6 Bxf6 21. Qc2 Kb8 22. f4 g4 23. f5 e5 24. dxe5 Bxe5 25. Nd4 Qd6 26. g3 h5 27. Ne6 Bxg3 28. Nf3 Rdg8 29. Nfg5 Rxg5 30. Nxg5 Qc5+ 31. Kg2 Bh4 32. Ne6 d4+ 33. Be4 Qxc3 34. Rac1 Qxc2+ 35. Rxc2 Bxe4+ 36. Kg1 Bxc2 37. Nxd4 Bxa4 38. f6 Bxb5 39. Rf5 Bd7 40. Rf1 Rf8 41. f7 Nc6 0-1

[Event "Scarborough CC ch"]
[Site "Toronto CAN"]
[Date "2007.01.04"]
[Round "1"]
[White "Rapoport, Alexander"]
[Black "Garel, Rick"]
[Result "1-0"]
[WhiteElo "1989"]
[BlackElo "1921"]
[PlyCount "99"]
[GameId "2160767910739485"]
[EventDate "2007.01.04"]
[EventType "tourn"]
[EventRounds "9"]
[EventCountry "CAN"]

1. d4 Nf6 2. Nd2 e6 3. e3 b6 4. Ngf3 Bb7 5. Bd3 d5 6. O-O Be7 7. Ne5 O-O 8. c3 Nbd7 9. f4 Ne4 10. Qf3 f5 11. Bb5 Nxe5 12. fxe5 c6 13. Bd3 a5 14. Qe2 a4 15. g4 g6 16. Kh1 a3 17. gxf5 gxf5 18. Bxe4 dxe4 19. Rg1+ Kh8 20. bxa3 Bxa3 21. Nc4 Bxc1 22. Raxc1 Ba6 23. Qg2 Qe7 24. Nd6 Bd3 25. Qg5 Qxg5 26. Rxg5 Rxa2 27. Rcg1 h6 28. Rg6 Kh7 29. Rg7+ Kh8 30. Nf7+ Rxf7 31. Rxf7 Be2 32. Rgg7 Bf3+ 33. Kg1 f4 34. Rh7+ Kg8 35. Rfg7+ Kf8 36. Ra7 Rxa7 37. Rxa7 fxe3 38. Kf1 c5 39. dxc5 bxc5 40. Rc7 h5 41. Rxc5 Kg7 42. Rc8 Kf7 43. Rd8 Ke7 44. Rd6 e2+ 45. Ke1 h4 46. c4 Bh5 47. c5 Be8 48. Kxe2 Bd7 49. Ke3 Bc8 50. Kxe4 1-0

[Event "Scarborough CC ch"]
[Site "Toronto CAN"]
[Date "2007.01.11"]
[Round "2"]
[White "Garel, Rick"]
[Black "Deiseach, Donald"]
[Result "1-0"]
[WhiteElo "1921"]
[BlackElo "2014"]
[PlyCount "33"]
[GameId "2160767910739486"]
[EventDate "2007.01.04"]
[EventType "tourn"]
[EventRounds "9"]
[EventCountry "CAN"]
[SourceTitle "EXT 2022"]
[Source "ChessBase"]
[SourceDate "2021.10.06"]
[SourceVersion "1"]
[SourceVersionDate "2021.10.06"]
[SourceQuality "1"]

1. c4 e5 2. Nc3 Nf6 3. Nf3 Nc6 4. g3 d5 5. cxd5 Nxd5 6. Bg2 Be6 7. O-O Be7 8. d3 O-O 9. Bd2 f5 10. a3 Bf6 11. Rc1 Qe7 12. b4 a6 13. Nxe5 Bxe5 14. Nxd5 Qf7 15. Nf4 Bb3 16. Qxb3 Qxb3 17. Bd5+ 1-0

[Event "Scarborough CC ch"]
[Site "Toronto CAN"]
[Date "2007.01.11"]
[Round "2"]
[White "Gillis, Doug"]
[Black "Douglas, Richard"]
[Result "1-0"]
[WhiteElo "1506"]
[BlackElo "1813"]
[PlyCount "135"]
[GameId "2160767910739487"]
[EventDate "2007.01.04"]
[EventType "tourn"]
[EventRounds "9"]
[EventCountry "CAN"]
[SourceTitle "EXT 2022"]
[Source "ChessBase"]
[SourceDate "2021.10.06"]
[SourceVersion "1"]
[SourceVersionDate "2021.10.06"]
[SourceQuality "1"]

1. e4 Nf6 2. Nc3 d5 3. exd5 Nxd5 4. Nf3 Nxc3 5. bxc3 Nc6 6. d4 Bg4 7. Be2 e6 8. O-O Be7 9. Rb1 Rb8 10. h3 Bf5 11. Bd3 Bxd3 12. Qxd3 O-O 13. Bf4 f6 14. Rfe1 Qd7 15. Qc4 Qd5 16. Qxd5 exd5 17. Bxc7 Rbc8 18. Rxb7 Rf7 19. Re6 Bd8 20. Re8+ Rf8 21. Rxf8+ Kxf8 22. Bxd8 Rxd8 23. Rc7 Rd6 24. Nh4 Re6 25. Nf5 g6 26. Ne3 Rd6 27. Rxh7 Ne7 28. Rh8+ Ng8 29. Rh7 Ne7 30. Rh4 g5 31. Rg4 Kf7 32. h4 gxh4 33. Rxh4 Ra6 34. c4 Rxa2 35. c5 Nc6 36. c3 Ke6 37. g4 a5 38. Rh6 Ra1+ 39. Kg2 a4 40. g5 a3 41. Rxf6+ Kd7 42. Nc2 Ra2 43. g6 Ne7 44. Nb4 Re2 45. Ra6 Re4 46. Rxa3 Rg4+ 47. Kf1 Rxg6 48. Ra6 Rg8 49. Rd6+ Kc7 50. Nxd5+ Nxd5 51. Rxd5 Rg6 52. f4 Rg3 53. c4 Rf3+ 54. Ke2 Rxf4 55. Ke3 Rh4 56. Rf5 Rh3+ 57. Ke4 Rc3 58. Kd5 Ra3 59. c6 Ra5+ 60. c5 Ra6 61. Rf7+ Kb8 62. Kd6 Ka8 63. Rf8+ Ka7 64. Kd7 Ra4 65. d5 Rc4 66. c7 Rxc5 67. c8=Q Rxd5+ 68. Ke6 1-0

[Event "Scarborough CC ch"]
[Site "Toronto CAN"]
[Date "2007.01.11"]
[Round "2"]
[White "Hall, John2"]
[Black "Rapoport, Alex"]
[Result "1-0"]
[WhiteElo "2057"]
[BlackElo "1989"]
[PlyCount "47"]
[GameId "2160767910739488"]
[EventDate "2007.01.04"]
[EventType "tourn"]
[EventRounds "9"]
[EventCountry "CAN"]
[SourceTitle "EXT 2022"]
[Source "ChessBase"]
[SourceDate "2021.10.06"]
[SourceVersion "1"]
[SourceVersionDate "2021.10.06"]
[SourceQuality "1"]

1. d4 d5 2. c4 e6 3. Nc3 c6 4. e4 dxe4 5. Nxe4 Nf6 6. Nxf6+ Qxf6 7. Nf3 Bb4+ 8. Bd2 Bxd2+ 9. Qxd2 Nd7 10. O-O-O O-O 11. Bd3 c5 12. Ng5 g6 13. h4 Qxd4 14. Nf3 Qg7 15. h5 Ne5 16. hxg6 Nxd3+ 17. Qxd3 fxg6 18. Qe3 b5 19. Ng5 h6 20. Ne4 g5 21. Nxc5 bxc4 22. Nxe6 Bxe6 23. Qxe6+ Kh7 24. Rd7 1-0

[Event "Scarborough CC ch"]
[Site "Toronto CAN"]
[Date "2007.01.11"]
[Round "2"]
[White "Tursman, Richard"]
[Black "Lamb, Bryan"]
[Result "1-0"]
[WhiteElo "2169"]
[BlackElo "1923"]
[PlyCount "107"]
[GameId "2160767910739489"]
[EventDate "2007.01.04"]
[EventType "tourn"]
[EventRounds "9"]
[EventCountry "CAN"]
[SourceTitle "EXT 2022"]
[Source "ChessBase"]
[SourceDate "2021.10.06"]
[SourceVersion "1"]
[SourceVersionDate "2021.10.06"]
[SourceQuality "1"]

1. e4 e5 2. Nf3 Nf6 3. Nxe5 d6 4. Nf3 Nxe4 5. d4 d5 6. Bd3 Nc6 7. O-O Be7 8. Re1 Nf6 9. c3 O-O 10. Nbd2 Bg4 11. Nf1 Qd7 12. Ng3 Bd6 13. h3 Bxg3 14. hxg4 Bxf2+ 15. Kxf2 Qxg4 16. Rh1 Ne4+ 17. Kg1 Qg3 18. Be3 f5 19. Rh3 Qd6 20. Qe1 Qf6 21. Bf4 Rac8 22. Ne5 Nxe5 23. Bxe5 Qe7 24. Bxe4 fxe4 25. Qh4 Qxh4 26. Rxh4 c6 27. Rf1 Rxf1+ 28. Kxf1 Rf8+ 29. Ke2 Rf5 30. Rh3 g6 31. c4 dxc4 32. Rc3 b5 33. Ra3 c5 34. Rxa7 cxd4 35. Bxd4 Rg5 36. Rg7+ Kf8 37. Rxh7 Rxg2+ 38. Bf2 Rg4 39. a3 Ke8 40. Rb7 Rg5 41. Bd4 Kd8 42. Bf6+ Kc8 43. Bxg5 Kxb7 44. Ke3 Kb6 45. Kxe4 Ka5 46. Kd4 b4 47. Bd2 c3 48. axb4+ Kxb4 49. bxc3+ Kb5 50. Kd5 Kb6 51. Be3+ Kc7 52. Kc5 Kd7 53. Kb6 Kc8 54. Kc6 1-0

[Event "Scarborough CC ch"]
[Site "Toronto CAN"]
[Date "2007.01.18"]
[Round "3"]
[White "Deiseach, Donald"]
[Black "Hall, John2"]
[Result "0-1"]
[WhiteElo "2014"]
[BlackElo "2057"]
[PlyCount "60"]
[GameId "2160767910739490"]
[EventDate "2007.01.04"]
[EventType "tourn"]
[EventRounds "9"]
[EventCountry "CAN"]
[SourceTitle "EXT 2022"]
[Source "ChessBase"]
[SourceDate "2021.10.06"]
[SourceVersion "1"]
[SourceVersionDate "2021.10.06"]
[SourceQuality "1"]

1. e4 e5 2. Nf3 Nc6 3. Bb5 Nf6 4. O-O Nxe4 5. d4 Nd6 6. Bxc6 dxc6 7. dxe5 Nf5 8. Bg5 Qxd1 9. Rxd1 Bd7 10. Nc3 h6 11. Bd2 O-O-O 12. Ne4 Be7 13. Bc3 Be6 14. a3 b6 15. Ned2 c5 16. Nf1 g5 17. Rd2 g4 18. Ne1 Bg5 19. Rxd8+ Rxd8 20. b4 cxb4 21. axb4 Kb7 22. Nd3 Nd4 23. Bxd4 Rxd4 24. Rd1 Bc4 25. Nd2 Bxd2 26. Rxd2 Bxd3 27. Rxd3 Rxd3 28. cxd3 a5 29. bxa5 bxa5 30. f3 a4 0-1

[Event "Scarborough CC ch"]
[Site "Toronto CAN"]
[Date "2007.01.18"]
[Round "3"]
[White "Douglas, Richard"]
[Black "Garel, Rick"]
[Result "0-1"]
[WhiteElo "1813"]
[BlackElo "1921"]
[PlyCount "128"]
[GameId "2160767910739491"]
[EventDate "2007.01.04"]
[EventType "tourn"]
[EventRounds "9"]
[EventCountry "CAN"]
[SourceTitle "EXT 2022"]
[Source "ChessBase"]
[SourceDate "2021.10.06"]
[SourceVersion "1"]
[SourceVersionDate "2021.10.06"]
[SourceQuality "1"]

1. e4 c6 2. d4 d5 3. Nc3 dxe4 4. Nxe4 Bf5 5. Ng3 Bg6 6. Nf3 Nd7 7. Bd3 Ngf6 8. Bxg6 hxg6 9. O-O e6 10. Re1 Be7 11. Qd3 Nd5 12. a3 O-O 13. c4 N5f6 14. Qc3 c5 15. Be3 Qc7 16. Rad1 Ng4 17. b4 Nxe3 18. fxe3 cxb4 19. axb4 Nb6 20. Rc1 Rac8 21. c5 Nd5 22. Qd2 Rfd8 23. Ne2 Nf6 24. Nc3 Nd5 25. Nxd5 Rxd5 26. Qf2 Bf6 27. e4 Rh5 28. e5 Bg5 29. Nxg5 Rxg5 30. Qe3 Qd8 31. Ra1 a6 32. Qf3 Qxd4+ 33. Kh1 Qxb4 34. Rab1 Qxc5 35. Qxb7 Qc6 36. Qxc6 Rxc6 37. Re2 Rc5 38. Rbe1 Kf8 39. Kg1 Ke7 40. Kf2 Rf5+ 41. Kg1 a5 42. g4 Rf4 43. Re4 Rc4 44. Rxc4 Rxc4 45. h3 f6 46. exf6+ gxf6 47. Re3 e5 48. Kf2 Ke6 49. Ra3 a4 50. Ke3 f5 51. gxf5+ gxf5 52. Ke2 e4 53. Ke3 Ke5 54. h4 f4+ 55. Kf2 Kf5 56. Ra1 Kg4 57. Rg1+ Kxh4 58. Rg8 Rc2+ 59. Ke1 e3 60. Rh8+ Kg3 61. Kd1 Rd2+ 62. Kc1 a3 63. Rg8+ Kf2 64. Rf8 f3 0-1

[Event "Scarborough CC ch"]
[Site "Toronto CAN"]
[Date "2007.01.18"]
[Round "3"]
[White "Moysoski, Randy"]
[Black "Lamb, Bryan"]
[Result "0-1"]
[WhiteElo "2169"]
[BlackElo "1918"]
[PlyCount "74"]
[GameId "2160767910739492"]
[EventDate "2007.01.04"]
[EventType "tourn"]
[EventRounds "9"]
[EventCountry "CAN"]
[SourceTitle "EXT 2022"]
[Source "ChessBase"]
[SourceDate "2021.10.06"]
[SourceVersion "1"]
[SourceVersionDate "2021.10.06"]
[SourceQuality "1"]

1. e4 c5 2. Nc3 Nc6 3. f4 g6 4. Nf3 Bg7 5. Bc4 d6 6. d3 e6 7. Bb3 Nge7 8. O-O O-O 9. Qe1 Nd4 10. Nxd4 cxd4 11. Ne2 b5 12. a4 bxa4 13. Rxa4 Bd7 14. Ra3 Nc6 15. g4 Kh8 16. f5 Ne5 17. Qg3 exf5 18. gxf5 Bf6 19. fxg6 Rg8 20. Nf4 Nxg6 21. Kh1 Ne5 22. Qe1 Bh4 23. Qb4 Qg5 24. Qxd4 Bh3 25. Rg1 Qxg1+ 26. Qxg1 Rxg1+ 27. Kxg1 Rg8+ 28. Kh1 Bg4 29. Kg2 Bf3+ 30. Kf1 Ng4 31. Ng6+ Rxg6 32. Bf4 Rf6 33. h3 Rxf4 34. hxg4 Bxg4+ 35. Kg1 h5 36. Ra5 Bf2+ 37. Kg2 Be3 0-1

[Event "Scarborough CC ch"]
[Site "Toronto CAN"]
[Date "2007.01.18"]
[Round "3"]
[White "Paterson, Jim"]
[Black "Gillis, Doug"]
[Result "1/2-1/2"]
[WhiteElo "1923"]
[BlackElo "1506"]
[PlyCount "128"]
[GameId "2160767910739493"]
[EventDate "2007.01.04"]
[EventType "tourn"]
[EventRounds "9"]
[EventCountry "CAN"]
[SourceTitle "EXT 2022"]
[Source "ChessBase"]
[SourceDate "2021.10.06"]
[SourceVersion "1"]
[SourceVersionDate "2021.10.06"]
[SourceQuality "1"]

1. b3 e5 2. Bb2 Nc6 3. e3 d5 4. Nf3 Bd6 5. c4 Nf6 6. Nc3 e4 7. cxd5 Nb4 8. Nd4 Nbxd5 9. Nxd5 Nxd5 10. Nb5 O-O 11. Qh5 Nf6 12. Qh4 Bb4 13. O-O-O Bg4 14. Bxf6 Qxf6 15. Qxf6 gxf6 16. Re1 a6 17. Nc3 Rfd8 18. Be2 Ba3+ 19. Kc2 Bf5 20. h4 h6 21. g4 Bh7 22. g5 fxg5 23. hxg5 hxg5 24. Bc4 Rd7 25. Bd5 Rad8 26. Rxh7 Kxh7 27. Bxe4+ Kg7 28. d4 c5 29. d5 Bb4 30. Rg1 Kf6 31. Rd1 Bxc3 32. Kxc3 Ke5 33. Bf3 Rh8 34. Rg1 f6 35. Rg4 Rh4 36. Rg1 b5 37. a3 Rc7 38. Rd1 Kd6 39. Rc1 b4+ 40. Kb2 bxa3+ 41. Kxa3 a5 42. Rc3 Rb4 43. e4 c4 44. Bg2 Rcb7 45. bxc4 Rc7 46. Bf1 Rb1 47. Be2 Kc5 48. Ka2 Rcb7 49. Rc2 R1b4 50. Ka3 Rb1 51. Ka2 Re1 52. Bd3 Rbb1 53. d6 Rbd1 54. Be2 Rxd6 55. Rb2 a4 56. Rb5+ Kd4 57. Rb2 Kxe4 58. c5 Rd5 59. c6 Rc1 60. Ka3 Rd4 61. Ba6 Rc3+ 62. Ka2 Ke5 63. Re2+ Kf4 64. Bb7 a3 1/2-1/2

[Event "Scarborough CC ch"]
[Site "Toronto CAN"]
[Date "2007.03.15"]
[Round "3"]
[White "Husain, Imtiaz"]
[Black "Lamb, Bryan"]
[Result "1-0"]
[WhiteElo "2145"]
[BlackElo "2203"]
[PlyCount "97"]
[GameId "2160767910739494"]
[EventDate "2007.01.04"]
[EventType "tourn"]
[EventRounds "9"]
[EventCountry "CAN"]
[SourceTitle "EXT 2022"]
[Source "ChessBase"]
[SourceDate "2021.10.06"]
[SourceVersion "1"]
[SourceVersionDate "2021.10.06"]
[SourceQuality "1"]

1. d4 Nf6 2. c4 g6 3. Nc3 Bg7 4. e4 d6 5. Be2 O-O 6. Be3 e5 7. d5 Ne8 8. g4 c6 9. h4 cxd5 10. Nxd5 Nc6 11. h5 f5 12. hxg6 f4 13. gxh7+ Kh8 14. Bd2 Be6 15. Nf3 Bf6 16. Nxf6 Qxf6 17. g5 Qe7 18. Bc3 b6 19. Qd2 Rf7 20. g6 Rg7 21. Nh4 Qf6 22. O-O-O Ne7 23. Rdg1 Rc8 24. Kb1 b5 25. cxb5 Nxg6 26. Nxg6+ Rxg6 27. Rxg6 Qxg6 28. Qxf4 Nf6 29. Qh6 Qf7 30. Bh5 Qg7 31. Qxg7+ Kxg7 32. Bg6 Rh8 33. Rg1 Nxh7 34. Bf5+ Kf7 35. Bxe6+ Kxe6 36. Rh1 Kf6 37. Rh6+ Kg5 38. Bd2+ Kg4 39. a4 Kf3 40. Be3 Kxe4 41. Bxa7 Kf4 42. a5 Kf3 43. b6 Kxf2 44. b7+ Kg3 45. a6 Kf4 46. Bb6 d5 47. a7 d4 48. b8=Q Rxb8 49. axb8=Q 1-0

[Event "Scarborough CC ch"]
[Site "Toronto CAN"]
[Date "2007.02.24"]
[Round "4"]
[White "Gillis, Doug"]
[Black "Garel, Rick"]
[Result "0-1"]
[WhiteElo "1546"]
[BlackElo "1954"]
[PlyCount "72"]
[GameId "2160767910739495"]
[EventDate "2007.01.04"]
[EventType "tourn"]
[EventRounds "9"]
[EventCountry "CAN"]
[SourceTitle "EXT 2022"]
[Source "ChessBase"]
[SourceDate "2021.10.06"]
[SourceVersion "1"]
[SourceVersionDate "2021.10.06"]
[SourceQuality "1"]

1. e4 e5 2. Nf3 Nc6 3. Nc3 Nf6 4. Bb5 Nd4 5. Nxd4 exd4 6. e5 dxc3 7. exf6 cxd2+ 8. Bxd2 Qxf6 9. O-O Be7 10. Bc3 Qg5 11. Re1 O-O 12. Re5 f5 13. Qd5+ Kh8 14. Bc4 c6 15. Qf3 d5 16. Rae1 Bd6 17. Re8 Bd7 18. Rxa8 Rxa8 19. Bd3 c5 20. b3 Rf8 21. Bf1 Bc6 22. Qe2 d4 23. Bd2 Qh4 24. g3 Qe4 25. Qxe4 fxe4 26. Bg2 Re8 27. a4 Kg8 28. a5 Kf7 29. Bf1 Bd5 30. Bb5 Re7 31. Bg5 Rc7 32. f3 e3 33. c3 h6 34. Bxe3 dxe3 35. Rxe3 c4 36. bxc4 Bc5 0-1

[Event "Scarborough CC ch"]
[Site "Toronto CAN"]
[Date "2007.02.01"]
[Round "5"]
[White "Deiseach, Donald"]
[Black "Husain, Imtiaz"]
[Result "0-1"]
[WhiteElo "2005"]
[BlackElo "2145"]
[PlyCount "74"]
[GameId "2160767910739496"]
[EventDate "2007.01.04"]
[EventType "tourn"]
[EventRounds "9"]
[EventCountry "CAN"]
[SourceTitle "EXT 2022"]
[Source "ChessBase"]
[SourceDate "2021.10.06"]
[SourceVersion "1"]
[SourceVersionDate "2021.10.06"]
[SourceQuality "1"]

1. d4 Nf6 2. Nc3 c5 3. d5 d6 4. Nf3 e5 5. e4 Be7 6. h3 Bd7 7. Be2 b5 8. Nd2 Qb6 9. O-O O-O 10. Qe1 Na6 11. Kh1 Rac8 12. f4 exf4 13. Rxf4 c4 14. Qf1 Nc5 15. g4 Be8 16. h4 Nfd7 17. Nf3 Ne5 18. g5 b4 19. Nd1 Ng6 20. Rg4 Bd7 21. Qg2 Bxg4 22. Qxg4 Qc7 23. h5 Ne5 24. Nxe5 dxe5 25. Ne3 c3 26. bxc3 bxc3 27. Nf5 Qd8 28. g6 fxg6 29. hxg6 h6 30. Bxh6 gxh6 31. Nxh6+ Kg7 32. Nf5+ Rxf5 33. Qxf5 Qh8+ 34. Kg2 Rf8 35. Qxe5+ Bf6 36. Qc7+ Kxg6 37. Qxc5 Qg7 0-1

[Event "Scarborough CC ch"]
[Site "Toronto CAN"]
[Date "2007.02.01"]
[Round "5"]
[White "Douglas, Richard"]
[Black "Moysoski, Randy"]
[Result "0-1"]
[WhiteElo "1760"]
[BlackElo "1916"]
[PlyCount "86"]
[GameId "2160767910739497"]
[EventDate "2007.01.04"]
[EventType "tourn"]
[EventRounds "9"]
[EventCountry "CAN"]
[SourceTitle "EXT 2022"]
[Source "ChessBase"]
[SourceDate "2021.10.06"]
[SourceVersion "1"]
[SourceVersionDate "2021.10.06"]
[SourceQuality "1"]

1. e4 d5 2. exd5 Nf6 3. Nf3 Qxd5 4. Nc3 Qa5 5. Bc4 Bg4 6. O-O e6 7. d4 c6 8. Re1 Be7 9. Bd2 Qc7 10. Be2 Nbd7 11. Ng5 Bf5 12. Bf3 h6 13. Nge4 Nd5 14. Ng3 Bh7 15. Nxd5 cxd5 16. c3 Nb6 17. b3 Ba3 18. Bc1 Bd6 19. Qd2 O-O-O 20. Bb2 g5 21. Ne2 Bxh2+ 22. Kh1 Bd6 23. g3 Rdg8 24. Rac1 Kb8 25. a4 Qe7 26. Ra1 Qf6 27. Ng1 h5 28. a5 Nd7 29. c4 g4 30. Bg2 h4 31. cxd5 hxg3 32. dxe6 Be4+ 33. Nh3 Rxh3+ 34. Kg1 gxf2+ 35. Qxf2 Bh2+ 36. Kf1 Bd3+ 37. Re2 Qxe6 38. Bxh3 Bxe2+ 39. Qxe2 Qxe2+ 40. Kxe2 gxh3 41. Ba3 Rg2+ 42. Kf3 Rg3+ 43. Kf2 Rxb3 0-1

[Event "Scarborough CC ch"]
[Site "Toronto CAN"]
[Date "2007.02.01"]
[Round "5"]
[White "Paterson, Jim"]
[Black "Hall, John2"]
[Result "1-0"]
[WhiteElo "1916"]
[BlackElo "2061"]
[PlyCount "105"]
[GameId "2160767910739498"]
[EventDate "2007.01.04"]
[EventType "tourn"]
[EventRounds "9"]
[EventCountry "CAN"]
[SourceTitle "EXT 2022"]
[Source "ChessBase"]
[SourceDate "2021.10.06"]
[SourceVersion "1"]
[SourceVersionDate "2021.10.06"]
[SourceQuality "1"]

1. e4 e5 2. Nf3 Nc6 3. c3 d5 4. Qa4 Bd7 5. exd5 Nd4 6. Qd1 Nxf3+ 7. Qxf3 f5 8. d4 e4 9. Qd1 Nf6 10. c4 Bb4+ 11. Nc3 O-O 12. Bf4 Kh8 13. Be2 b5 14. O-O bxc4 15. Bxc4 Rb8 16. Rb1 Be8 17. Be5 Bd6 18. h3 Qe7 19. Bxd6 Qxd6 20. Qd2 f4 21. Rfe1 Bg6 22. Rbc1 f3 23. Bf1 Rbe8 24. gxf3 exf3 25. Rxe8 Rxe8 26. Nb5 Qb6 27. Rc6 Qb8 28. Nxc7 Ne4 29. Qc1 Rf8 30. Na6 Qd8 31. Nc5 Nxf2 32. Kxf2 Qh4+ 33. Kg1 Qg3+ 34. Kh1 f2 35. Bg2 Bf5 36. Qf1 Re8 37. Ne6 h6 38. Rc3 Qh4 39. Re3 Rb8 40. b3 Rc8 41. Nc5 Qxd4 42. Qxf2 Qd1+ 43. Re1 Qh5 44. Ne6 Rc2 45. Qe3 Qg6 46. Nf4 Qg5 47. Rg1 Rxa2 48. d6 Qh4 49. Qe5 Bd7 50. Ng6+ Kh7 51. Nxh4 Rc2 52. Be4+ Kg8 53. Qxg7# 1-0

[Event "Scarborough CC ch"]
[Site "Toronto CAN"]
[Date "2007.02.01"]
[Round "5"]
[White "Rapoport, Alexander"]
[Black "Lamb, Bryan"]
[Result "0-1"]
[WhiteElo "1958"]
[BlackElo "2203"]
[PlyCount "74"]
[GameId "2160767910739499"]
[EventDate "2007.01.04"]
[EventType "tourn"]
[EventRounds "9"]
[EventCountry "CAN"]

1. d4 Nf6 2. Nd2 g6 3. c3 d6 4. Ngf3 Bg7 5. e4 Nbd7 6. Bc4 c6 7. O-O O-O 8. Re1 e5 9. Qb3 b5 10. Bd3 a6 11. a4 Bb7 12. Nf1 Qc7 13. Bg5 Rfe8 14. Qc2 Rac8 15. Qd2 exd4 16. cxd4 c5 17. axb5 axb5 18. e5 dxe5 19. dxe5 Nxe5 20. Nxe5 Rxe5 21. f3 c4 22. Bc2 Rd8 23. Qxd8+ Qxd8 24. Rxe5 Qd4+ 25. Re3 Nd5 26. Rd1 Qb6 27. Kh1 Nxe3 28. Bxe3 Qc7 29. b3 c3 30. Ng3 f5 31. Ne2 Qe7 32. Rd3 b4 33. Nf4 Be5 34. Nd5 Bxd5 35. Rxd5 Bxh2 36. Bc5 Qh4 37. Rd4 Bf4+ 0-1

[Event "Scarborough CC ch"]
[Site "Toronto CAN"]
[Date "2007.02.08"]
[Round "6"]
[White "Hall, John2"]
[Black "Gillis, Doug"]
[Result "1-0"]
[WhiteElo "2061"]
[BlackElo "1540"]
[PlyCount "56"]
[GameId "2160767910739500"]
[EventDate "2007.01.04"]
[EventType "tourn"]
[EventRounds "9"]
[EventCountry "CAN"]
[SourceTitle "EXT 2022"]
[Source "ChessBase"]
[SourceDate "2021.10.06"]
[SourceVersion "1"]
[SourceVersionDate "2021.10.06"]
[SourceQuality "1"]

1. d4 e6 2. c4 Nf6 3. Nc3 Bb4 4. Nf3 c5 5. g3 cxd4 6. Nxd4 O-O 7. Bg2 d5 8. cxd5 Nxd5 9. Qb3 Bxc3+ 10. bxc3 Qb6 11. Bxd5 exd5 12. Qxd5 Bh3 13. Qf3 Qg6 14. Qxb7 Na6 15. Nc6 Kh8 16. Qxa6 Bg2 17. Rg1 Bxc6 18. Be3 Rfe8 19. h4 f5 20. h5 Qe6 21. h6 g6 22. Rd1 Qe4 23. Qd3 Qe6 24. Qd4+ Qe5 25. Qxe5+ Rxe5 26. Bd4 Rae8 27. f4 Kg8 28. Bxe5 Kf7 1-0